00845 a2200193 4500003000500000005001700005010001600022020001500038020002200053040000900075082001700084100002200101245008800123260003100211300002500242505028000267650003000547856007400577Nust20230327113004.0 a 87030539 a0471821675 a0471821675 (v. 1) cNust00a629.8312,BIE1 aBiernson, George.10aPrinciples of feedback control /cGeorge Biernson.bVolume 1:feedback system design aNew York :bWiley,cc1988- a497pbill. ;c24 cm.1 aIntroduction (Page-1), Transient Analysis (Page-28), Graphical Frequency Response Analysis (Page-93), Design of DC Electric Motor Servos (Page-169), General Time Behavior of Feedback Loops (Page-226), Control-System Disturbances (Page-350), A Servo Design Example (Page-395). 0aFeedback control systems.4 3Table of Contentsuhttp://www.loc.gov/catdir/toc/onix05/87030539.html